Introduction to financial accounting/ (Record no. 13360)

MARC details
000 -LEADER
fixed length control field 00731nam a22002417a 4500
001 - CONTROL NUMBER
control field 13360
005 - DATE AND TIME OF LATEST TRANSACTION
control field 20251001080340.0
008 - FIXED-LENGTH DATA ELEMENTS--GENERAL INFORMATION
fixed length control field 251001b |||||||| |||| 00| 0 eng d
020 ## - INTERNATIONAL STANDARD BOOK NUMBER
International Standard Book Number 9780324658743
020 ## - INTERNATIONAL STANDARD BOOK NUMBER
International Standard Book Number 0324658745
040 ## - CATALOGING SOURCE
Original cataloging agency BSULIB
082 ## - DEWEY DECIMAL CLASSIFICATION NUMBER
Edition number 22
Classification number 657
Item number NOR
100 ## - MAIN ENTRY--PERSONAL NAME
Personal name Norton, Curtis L.
9 (RLIN) 3717
245 ## - TITLE STATEMENT
Title Introduction to financial accounting/
Statement of responsibility, etc Curtis L. Norton , Gary A. Porter
250 ## - EDITION STATEMENT
Edition statement 2nd. ed.
260 ## - PUBLICATION, DISTRIBUTION, ETC. (IMPRINT)
Place of publication, distribution, etc Canada:
Name of publisher, distributor, etc Cengage Learning,
Date of publication, distribution, etc 2009.
300 ## - PHYSICAL DESCRIPTION
Extent xxvii, 718 (and other pages):
Other physical details ill. (some col.);
Dimensions 23cm.
500 ## - GENERAL NOTE
General note Includes bibliographical references and index.
650 ## - SUBJECT ADDED ENTRY--TOPICAL TERM
Source of heading or term Accounting
650 ## - SUBJECT ADDED ENTRY--TOPICAL TERM
Source of heading or term Financial accounting
700 ## - ADDED ENTRY--PERSONAL NAME
Personal name Porter, Gary A.
9 (RLIN) 25962
942 ## - ADDED ENTRY ELEMENTS (KOHA)
Source of classification or shelving scheme Dewey Decimal Classification
Item type Books
Holdings
Withdrawn status Lost status Source of classification or shelving scheme Damaged status Not for loan Home library Current library Shelving location Date acquired Source of acquisition Inventory number Total Checkouts Full call number Barcode Date last seen Copy number Price effective from Koha item type Public note
    Dewey Decimal Classification   Not For Loan Main Library Main Library Reserve Book Section 01/10/2025 Purchase 25556   657 NOR bsu25100004 01/10/2025 001 01/10/2025 Books Material available in hard copy

© 2017 Bishop Stuart University Library. All Rights Reserved.
Kakoba Campus, Plot 150 Buremba Road | P.O. Box 9, Mbarara, UGANDA | Tel: +256-772-463068
Email: library@bsu.ac.ug